000 01019nam a2200229Ii 4500
003 JO-AjNU
008 230605s9999||||xx |||||||||||||| ||und||
020 _a978-99553-0-1140-0
040 _aJO-AjNU
_bara
_erda
_cJO-AjNU
041 _aara
050 1 4 _aHN15.M7712 2008
100 3 _aمور، بارينجتون؛ ترجمة أحمد محمود ,
_eauthor
_946326
245 0 0 _aالأصول الاجتماعية للددكتاورية والديمقراطية: اللورد والفلاح في صنع العالم الحديث
250 _aط1
264 3 1 _aبيروت: المنظمة العربية للترجمة ، 2008
300 _a652ص
_bيشتمل على ببلوغرافية من ص 609-933
336 _atext
_btxt
_2rdacontent
337 _aunmediated
_bn
_2rdamedia
338 _avolume
_bnc
_2rdacarrier
490 0 _aسلسلة العلوم الانسانية والاجتماعية
650 4 _aالثورات - الطبقات الاجتماعية - التاريخ الاقتصادي -
_946327
999 _aA20144
_c23712
_d23712